| 000 | 00712nam a2200217 a 4500 | ||
|---|---|---|---|
| 001 | BRCA_491 | ||
| 005 | 20190320203031.0 | ||
| 008 | 121005s1994----sp-a---###---#000-0#spa-d | ||
| 020 | _a2910260011 | ||
| 050 | 4 |
_aNK4670 _b.M48 1994 |
|
| 245 | 1 | 0 |
_aLes métamorphoses de l´azur = Las metamorfosis del azul _bAzulejos. |
| 260 |
_aParís _bUnión Latina ; Ars latina _c1994 |
||
| 300 |
_a437 p. _bil. a color _c27 cm. |
||
| 500 | _aIncluye ´léxico´ [glosario] | ||
| 500 | _aEstado físico: encuadernado, enero 2013 | ||
| 504 | _aBibliografía: p. 360-401 | ||
| 546 | _aTexto en: francés y español | ||
| 650 | 1 | 4 |
_aAzulejos europeos _vExposiciones _91696 |
| 740 | 0 | _aLas metamorfosis del azul | |
| 942 |
_2lcc _cB |
||
| 999 |
_c425 _d425 |
||